Формирование кристаллических фаз в оксидах алюминия и циркония в постоянном магнитном поле при спекании компактированных порошков: автореферат диссертации на соискание ученой степени кандидата физико-математических наук; спец. 01.04.07

Dades bibliogràfiques
Autor principal: Клишин А. П. Андрей Петрович
Autor corporatiu: Томский государственный педагогический университет, Национальный исследовательский Томский политехнический университет
Altres autors: Гынгазов С. А. Сергей Анатольевич (научный руководитель)
Sumari:Защита сост. 07.04.2021 г.
Idioma:rus
Publicat: Томск, [Б. и.], 2021
Matèries:
Format: MixedMaterials Llibre
KOHA link:https://koha.lib.tpu.ru/cgi-bin/koha/opac-detail.pl?biblionumber=345811

MARC

LEADER 00000nam0a2200000 4500
001 345811
005 20240215105731.0
035 |a (RuTPU)RU\TPU\book\377664 
090 |a 345811 
100 |a 20210329d2021 k y0rusy50 ca 
101 0 |a rus 
102 |a RU 
105 |a a dm 001zy 
200 1 |a Формирование кристаллических фаз в оксидах алюминия и циркония в постоянном магнитном поле при спекании компактированных порошков  |e автореферат диссертации на соискание ученой степени кандидата физико-математических наук  |e спец. 01.04.07  |f А. П. Клишин  |g Томский государственный педагогический университет ; Национальный исследовательский Томский политехнический университет ; науч. рук. С. А. Гынгазов 
210 |a Томск  |c [Б. и.]  |d 2021 
215 |a 22 с.  |c ил. 
300 |a Защита сост. 07.04.2021 г. 
320 |a Библиогр.: с. 20-22 (28 назв.) 
606 1 |a Металлы  |x Фазовые превращения  |x Фазовый анализ  |x Фазовые переходы  |2 stltpush  |3 (RuTPU)RU\TPU\subj\43231  |9 62781 
606 1 |a Твердые тела  |x Фазовые переходы  |2 stltpush  |3 (RuTPU)RU\TPU\subj\58695  |9 76460 
610 1 |a оксидные материалы 
610 1 |a структура 
610 1 |a внешние воздействия 
610 1 |a электрические поля 
610 1 |a магнитные поля 
610 1 |a оксид алюминия 
610 1 |a диоксид циркония 
610 1 |a получение 
610 1 |a плазмохимические технологии 
610 1 |a кристаллическая структура 
610 1 |a моделирование 
610 1 |a полиморфные модификации 
610 1 |a структурная релаксация 
610 1 |a авторефераты диссертаций 
610 1 |a труды учёных ТПУ 
675 |a 669.017.3(04)  |v 4 
686 |a 01.04.07  |2 oksvnk 
700 1 |a Клишин  |b А. П.  |g Андрей Петрович 
702 1 |a Гынгазов  |b С. А.  |c специалист в области электроники  |c профессор Томского политехнического университета, доктор технических наук  |f 1958-  |g Сергей Анатольевич  |3 (RuTPU)RU\TPU\pers\26531  |4 727  |9 12225 
712 0 2 |a Томский государственный педагогический университет  |c (1995- )  |3 (RuTPU)RU\TPU\col\40  |9 23146 
712 0 2 |a Национальный исследовательский Томский политехнический университет  |c (2009- )  |3 (RuTPU)RU\TPU\col\15902  |9 26305 
801 1 |a RU  |b 63413507  |c 20210329 
801 2 |a RU  |b 63413507  |c 20210427  |g RCR 
942 |c BK